000 00660nam a2200217 i 4500
001 135226
003 ES-MaACL
005 20250814052655.0
007 t|
008 070712s1972 sp ||||1| spa d
080 _a159.961
100 1 _aTocquet, Robert.
_9110391
245 1 0 _aMédiums y fantasmas /
_cRobert Tocquet ; [traducción de José Mª Martínez Monasterio].
250 _a[1ª ed.].
260 _a[Barcelona] :
_bPlaza & Janés,
_c[1972]
300 _a269 p. ;
_c22 cm.
650 1 7 _aParapsicología
_2embne
_915827
700 1 _aMartínez Monasterio, José M.
_9183600
852 _aES-MaACL
_jC-43712
_bR.83258
999 _c135226
_d135226